000 00654nam a2200217 i 4500
001 70707
003 ES-MaACL
005 20230906170909.0
007 t|
008 040802s1970 sp ||||1| spa d
100 1 _aGarmendía Galdós, José A.
_9169868
245 1 0 _aAlemania
_b: exilio del emigrante /
_cJ. A. Garmendia.
250 _a[1ª ed.].
260 _a[Barcelona] :
_bPlaza & Janés,
_c[1970]
300 _a216 p. ;
_c20 cm.
490 1 _aTestigos de España
650 0 4 _aEspañoles-
_zAlemania (República Federal)
_912468
830 0 _aTestigos de España
_9181879
852 _aES-MaACL
_jC-50122
_bR.72684
999 _c70707
_d70707